Essentials of Marketing: A Global- Managerial Approach (Record no. 1870)

MARC details
005 - DATE AND TIME OF LATEST TRANSACTION
control field 20250501083513.0
020 ## - INTERNATIONAL STANDARD BOOK NUMBER
International Standard Book Number 978-0-07-293589-9
082 ## - DEWEY DECIMAL CLASSIFICATION NUMBER
Classification number LECT 658. 8 PER
100 ## - MAIN ENTRY--PERSONAL NAME
Author name PERREAULT, W. D.
245 ## - TITLE STATEMENT
Title Essentials of Marketing: A Global- Managerial Approach
250 ## - EDITION STATEMENT
Edition statement 10th Ed.
260 ## - PUBLICATION, DISTRIBUTION, ETC.
Place of publication, distribution, etc. New York,
Name of publisher, distributor, etc. McGraw-Hill,
Date of publication, distribution, etc. 2003.
300 ## - PHYSICAL DESCRIPTION
Extent xxxii, 624p.: ill.; graph, map, picture, table.
Other physical details Glossary, index.
Dimensions 28cm.
700 ## - ADDED ENTRY--PERSONAL NAME
Other authors/Editors McCARTHY, E. J.
856 ## - ELECTRONIC LOCATION AND ACCESS
Link text Access online book
Electronic name Marketing
Path www.mhhe.com
942 ## - ADDED ENTRY ELEMENTS (KOHA)
Source of classification or shelving scheme Dewey Decimal Classification
Koha item type Books
Holdings
Date last seen Total checkouts Full call number Barcode Cost, replacement price Price effective from Koha item type Lost status Source of classification or shelving scheme Damaged status Not for loan Withdrawn status Home library Current library Shelving location Date acquired Cost, normal purchase price
05/01/2025   LECT 658. 8 PER 0000007247 225000.00 05/01/2025 Books   Dewey Decimal Classification       College of Business Education Main Library College of Business Education Main Library General Collection 09/08/2008 75000.00